| 000 | 00774nam a2200217 a 4500 | ||
|---|---|---|---|
| 001 | 000034454 | ||
| 005 | 20200930073717.0 | ||
| 008 | 111004s1991 sp a 000 0 spa d | ||
| 020 | _a843220658X | ||
| 040 |
_aDO-SdBNP _bspa _cBNPHU |
||
| 082 |
_axxx _bS964h |
||
| 100 | 1 |
_aSüskind, Patrick, _d1949- _959886 |
|
| 245 | 1 | 3 |
_aLa historia del señor Sommer / _cPatrick Süskind ; Traducción del alemán Ana Ma. de la Fuente ; ilustración Sempé. |
| 260 |
_aBarcelona, España : _bSeix Barral, _c1991. |
||
| 300 |
_a133 p. : _bil. ; _c20 cm. |
||
| 490 | 1 | _aBiblioteca breve | |
| 534 |
_pTítulo original : _tDie Geschichte von Herm Sommer |
||
| 700 | 1 |
_aFuente, Ana Ma. de la, _etr. _913618 |
|
| 700 | 1 |
_aSempé, Jean-Jacques, _eil. _959887 |
|
| 830 | 0 |
_aBiblioteca breve _913442 |
|
| 999 |
_c33945 _d33945 |
||